| 000 | 00689nam a2200253 i 4500 | ||
|---|---|---|---|
| 001 | bg | ||
| 100 | 1 | _aALLSOP, Jake | |
| 245 | 1 | 0 |
_aTest your phrasal verbs / _cJake Allsop. |
| 250 | _a5th impr. | ||
| 260 |
_aHarlow : _bPearson Education, _c2005. |
||
| 300 |
_a121 s. : _brys. ; _c21 cm. |
||
| 490 | 1 | _aTest Your | |
| 650 | 9 |
_aJęzyk angielski _xfrazeologia |
|
| 655 | _aĆwiczenia i zadania | ||
| 830 | _aTest Your | ||
| 020 | _a058245171X | ||
| 040 | _cBPK | ||
| 041 | 0 | _aeng | |
| 080 | _a811.111'373.72 | ||
| 920 | _a0-582-45171-X | ||
| 942 | _cKS | ||
| 008 | s pl f |000 0 pol | ||
| 999 |
_c52146 _d52146 |
||